00892nam a2200217Ia 4500008004100000020001800041040001400059082002200073100003900095245009200134260004800226300001700274365002600291366000800317505002200325530003000347620008500377630009200462650002800554730009200582100315s9999 xx 000 0 und d a01335514746  cENGLISH  b10418 a657.48  a"Tiner, John I., Conneely, Joe M " a"Managing International Treasury Transactions: Accounting , Taxation, and risk Control" aNew York bInstitute of Finance  c1988  a"xix,364  " eRupees d1 b0.00  f0  gVaibhav Gaikwad  bDonated By RBI Library   a"Financial institution, Accounting, Risk, Taxation, Banks & Banking, RBI Book " a"Managing International Treasury Transactions: Accounting , Taxation, and risk Control" aFinancial institution  a"Managing International Treasury Transactions: Accounting , Taxation, and risk Control"